000 00776nam a2200265Ia 4500
003 OSt
005 20220918221258.0
006 a|||||r|||| 00| 0
007 ta
008 220917b |||||||| |||| 00| 0 eng d
024 _a149,120
037 _cTextual
040 _aARTS
_cARTS
_beng
041 _2eng
_aeng
082 _aT:8.73.N7, L1
100 _aMcCarty Donald J
_9139867
245 0 _aSchool managers
_b power and conflict in American Public education
260 _aWestport
_bGreen Wood
_c1971
300 _axxii,281p.
_ccm.
490 _aContributions in sociology; 8
650 _aEDUCATION
700 _a Ramsey Charles E
_9139868
942 _hT:8.73.N7, L1
_cTEXL
_2CC
999 _c271794
_d271794